| 000 | 00433nam a22001457a 4500 | ||
|---|---|---|---|
| 999 |
_c513152 _d513152 |
||
| 020 | _a9789386349934 | ||
| 082 | _aB142x73 D719 | ||
| 100 |
_aDonovan, Josephine _915564 |
||
| 245 |
_aFeminist theory: _bthe intellectual traditions _cby Josephine Donovan |
||
| 260 |
_aNew Delhi _bBloomsbury _c2017 |
||
| 300 | _a287p. | ||
| 650 |
_aFeminist theory. _915956 |
||
| 650 |
_aFeminism -- United States. _915957 |
||
| 650 |
_aFeminism. _915958 |
||